|
|
|
|
| LEADER |
00000cam a2200000 i 4500 |
| 001 |
1/12763 |
| 008 |
110401s2008 gr | ||| |||| ||gre|| |
| 020 |
|
|
|a 9789607410597
|
| 035 |
|
|
|l 10109911
|
| 040 |
|
|
|a GR-MyUa
|b gre
|e AACR2
|
| 041 |
0 |
|
|a gre
|
| 082 |
7 |
|
|a 343.09944
|2 (22)
|
| 100 |
1 |
|
|a Βελέντζας, Ιωάννης Ε.,
|d 1961-
|
| 245 |
1 |
0 |
|a Δίκαιο τεχνολογίας & καινοτομίας /
|c Γιάννης Ε. Βελέντζας.
|
| 250 |
|
|
|a 2η έκδ.
|
| 260 |
|
|
|a Θεσσαλονίκη :
|b IuS,
|c 2008.
|
| 300 |
|
|
|a 1055 σ. ;
|c 24 εκ.
|
| 504 |
|
|
|a Βιβλιογραφία: σ. [973]-1024.
|
| 505 |
8 |
|
|a Ηλεκτρονικό δίκαιο, δίκαιο προστασίας καταναλωτή, προστασία δεδομένων προσωπικού χαρακτήρα, διανοητική ιδιοκτησία
|
| 650 |
|
0 |
|a Internet
|x Law and legislation.
|
| 650 |
|
0 |
|a Electronic data interchange
|x Law and legislation
|z Greece.
|
| 650 |
|
0 |
|a Consumer protection
|x Law and legislation
|z Greece.
|
| 650 |
|
0 |
|a Data protection
|x Law and legislation
|z Greece.
|
| 650 |
|
0 |
|a Intellectual property
|z Greece.
|
| 650 |
|
0 |
|a Technological innovations
|x Law and legislation
|z Greece.
|
| 852 |
|
|
|a INST
|b SYROS
|e 20110401
|h 343.09944 ΒΕΛ
|p 005500009237
|q 005500009237
|t BK
|y 0
|
| 852 |
|
|
|a INST
|b SYROS
|e 20110401
|h 343.09944 ΒΕΛ
|p 005500009238
|q 005500009238
|t BK
|y 0
|
| 901 |
|
|
|a BIBL5-2011-1
|
| 970 |
|
|
|a Κοντού
|b Παρασκευή
|z 01/04/2011
|